[Event "Voronezh Rating op 03-A"]
[Site "Voronezh"]
[Date "2014.03.09"]
[Round "9"]
[White "Safonov, Anatoly"]
[Black "Kornev, Sergey"]
[Result "0-1"]
[WhiteElo "1802"]
[BlackElo "1613"]
[PlyCount "52"]
[EventDate "2014.03.01"]
[EventType "swiss"]
[EventRounds "9"]
[EventCountry "RUS"]
[SourceTitle "EXT 2015"]
[Source "ChessBase"]
[SourceDate "2014.11.20"]
[SourceVersion "1"]
[SourceVersionDate "2014.11.20"]
[SourceQuality "1"]

1. e4 c5 2. Nf3 Nc6 3. c3 d5 4. Bb5 a6 5. Bxc6+ bxc6 6. Ne5 Qc7 7. d4 e6 8. Bf4 Bd6 9. Qh5 g6 10. Qh4 Qe7 11. Qg3 cxd4 12. Nxc6 Bxf4 13. Qxf4 Qb7 14. exd5 Qxb2 15. 0-0 Qxa1 16. dxe6 Bxe6 17. Qe5 Kf8 18. Qxh8 Bxa2 19. Qxd4 Bxb1 20. Ne5 Kg7 21. Nf3+ Nf6 22. g4 h6 23. h4 Re8 24. Qf4 g5 25. hxg5 Bg6 26. gxh6+ Kh7 0-1

[Event "Voronezh Rating op 03-A"]
[Site "Voronezh"]
[Date "2014.03.01"]
[Round "1"]
[White "Safonov, Anatoly"]
[Black "Ioffe, Evgeny"]
[Result "0-1"]
[WhiteElo "1802"]
[BlackElo "2041"]
[PlyCount "66"]
[EventDate "2014.03.01"]
[EventType "swiss"]
[EventRounds "9"]
[EventCountry "RUS"]
[SourceTitle "EXT 2015"]
[Source "ChessBase"]
[SourceDate "2014.11.20"]
[SourceVersion "1"]
[SourceVersionDate "2014.11.20"]
[SourceQuality "1"]

1. e4 c6 2. d4 d5 3. Nc3 dxe4 4. Nxe4 Bf5 5. Ng3 Bg6 6. Nf3 Nd7 7. c3 Qc7 8. Bc4 e6 9. 0-0 Ngf6 10. Re1 Bd6 11. a4 0-0 12. Bg5 h6 13. Bh4 c5 14. Qb3 Rac8 15. Bb5 cxd4 16. Bxf6 Nxf6 17. Nxd4 a6 18. Be2 Bc5 19. Rad1 Rfd8 20. Bf3 b6 21. h3 Rd6 22. Nde2 Rcd8 23. Rxd6 Qxd6 24. Nd4 Qf4 25. Nge2 Qg5 26. Qc4 Qd2 27. Rf1 Bd3 28. Qb3 Bxd4 29. Nxd4 Bxf1 30. Kxf1 Qd3+ 31. Kg1 Rxd4 32. Qxb6 Rxa4 33. Bc6 Ra1+ 0-1

[Event "Voronezh Region-ch Seniors"]
[Site "Voronezh"]
[Date "2013.11.24"]
[Round "9"]
[White "Safonov, Anatoly"]
[Black "Smirnov, Vyacheslav"]
[Result "1-0"]
[WhiteElo "1759"]
[BlackElo "1568"]
[PlyCount "80"]
[EventDate "2013.11.15"]
[EventType "swiss"]
[EventRounds "9"]
[EventCountry "RUS"]
[SourceTitle "EXT 2015"]
[Source "ChessBase"]
[SourceDate "2014.11.20"]
[SourceVersion "1"]
[SourceVersionDate "2014.11.20"]
[SourceQuality "1"]

1. e4 c5 2. Nf3 d6 3. c3 a6 4. Na3 e6 5. Nc2 Nc6 6. d4 cxd4 7. cxd4 Nf6 8. Bd3 Be7 9. 0-0 0-0 10. h3 e5 11. d5 Nb8 12. Kh1 Nbd7 13. Be3 Re8 14. Nh2 Nf8 15. f4 exf4 16. Bxf4 Ng6 17. Bg5 Nxd5 18. Bxe7 Ndxe7 19. Nf3 h6 20. Ne3 Ne5 21. Nxe5 dxe5 22. Qe2 Be6 23. Rad1 Qa5 24. a3 Rad8 25. Nc4 Qc7 26. b3 Ng6 27. Qb2 b5 28. Ne3 Nf4 29. Bb1 Rxd1 30. Rxd1 f6 31. Nf5 Bxf5 32. exf5 Rd8 33. Rc1 Qd6 34. b4 Nd3 35. Qb3+ Kh7 36. Rf1 Nf4 37. Be4 Qd4 38. Qf3 Rd6 39. Kh2 g6 40. fxg6+ Kg7 1-0

[Event "Voronezh Region Senior -ch op"]
[Site "Voronezh"]
[Date "2012.11.24"]
[Round "5.6"]
[White "Safonov, Anatoly"]
[Black "Chermashentsev, Victor"]
[Result "1-0"]
[WhiteElo "2025"]
[BlackElo "1766"]
[PlyCount "47"]
[EventDate "2012.11.20"]
[EventType "swiss"]
[EventRounds "8"]
[EventCountry "RUS"]
[SourceTitle "EXT 2022"]
[Source "ChessBase"]
[SourceDate "2021.10.06"]
[SourceVersion "1"]
[SourceVersionDate "2021.10.06"]
[SourceQuality "1"]

1. e4 e5 2. Nf3 Nc6 3. Bc4 Bc5 4. d3 Nf6 5. Nc3 0-0 6. Bg5 Be7 7. 0-0 d6 8. h3 Na5 9. Bb3 Nxb3 10. axb3 Be6 11. d4 exd4 12. Nxd4 c5 13. Bxf6 Bxf6 14. Ndb5 Be7 15. Rxa7 Rxa7 16. Nxa7 f5 17. Re1 f4 18. Qf3 Bf6 19. Nab5 Qd7 20. Rd1 Be5 21. Nxd6 Qc6 22. Nc4 Bc7 23. Nd5 Bb8 24. Ne7+ 1-0

[Event "Voronezh Region Senior -ch op"]
[Site "Voronezh"]
[Date "2012.11.22"]
[Round "3.6"]
[White "Safonov, Anatoly"]
[Black "Ajrapetian, Nikita"]
[Result "0-1"]
[WhiteElo "2025"]
[BlackElo "1924"]
[PlyCount "84"]
[EventDate "2012.11.20"]
[EventType "swiss"]
[EventRounds "8"]
[EventCountry "RUS"]
[SourceTitle "EXT 2022"]
[Source "ChessBase"]
[SourceDate "2021.10.06"]
[SourceVersion "1"]
[SourceVersionDate "2021.10.06"]
[SourceQuality "1"]

1. e4 c5 2. Nf3 d6 3. d4 cxd4 4. Nxd4 Nf6 5. Nc3 a6 6. Bg5 e6 7. Bc4 Be7 8. Qe2 Qc7 9. Bb3 Nc6 10. Nxc6 bxc6 11. 0-0 0-0 12. f4 h6 13. Bxf6 Bxf6 14. e5 dxe5 15. Ne4 Be7 16. fxe5 Qxe5 17. c3 f5 18. Ng3 Qxe2 19. Nxe2 g5 20. Kh1 c5 21. Ng3 Kg7 22. Rae1 f4 23. Ne4 a5 24. Nd2 Rd8 25. Nc4 a4 26. Bc2 Ra6 27. Rd1 Rxd1 28. Rxd1 Kf6 29. h3 Bb7 30. Rd7 Bd5 31. Nd2 a3 32. c4 Bc6 33. Rc7 axb2 34. Bb3 e5 35. Nb1 Be4 36. Nd2 b1Q+ 37. Nxb1 Bxb1 38. Kh2 e4 39. Rd7 Rd6 40. Rb7 e3 41. Ba4 Be4 42. Rb8 Rd2 0-1

[Event "Voronezh Region Senior -ch op"]
[Site "Voronezh"]
[Date "2012.11.20"]
[Round "1.9"]
[White "Belov, Yury"]
[Black "Safonov, Anatoly"]
[Result "1-0"]
[WhiteElo "1800"]
[BlackElo "2025"]
[PlyCount "109"]
[EventDate "2012.11.20"]
[EventType "swiss"]
[EventRounds "8"]
[EventCountry "RUS"]
[SourceTitle "EXT 2022"]
[Source "ChessBase"]
[SourceDate "2021.10.06"]
[SourceVersion "1"]
[SourceVersionDate "2021.10.06"]
[SourceQuality "1"]

1. d4 Nf6 2. c4 e6 3. Nc3 d5 4. cxd5 exd5 5. Bg5 Be7 6. Nf3 c6 7. h3 h6 8. Bf4 Qa5 9. Qc2 Na6 10. a3 Ne4 11. Qc1 c5 12. e3 c4 13. Be2 Nxc3 14. bxc3 Bf5 15. Ne5 Nc7 16. a4 Ne6 17. Bg3 Ng5 18. f3 Bd6 19. h4 Ne6 20. 0-0 Qc7 21. e4 Bh7 22. exd5 Nxd4 23. cxd4 f6 24. Bxc4 fxe5 25. Bb5+ Kd8 26. Qxc7+ Kxc7 27. dxe5 Bc5+ 28. Kh2 a6 29. e6+ Kd8 30. Bd7 Ke7 31. Rac1 Bd6 32. Bxd6+ Kxd6 33. Rfd1 Rhf8 34. Rd4 Rf6 35. Rc8 Rf8 36. Rc3 Rab8 37. f4 Rf6 38. g4 g5 39. hxg5 hxg5 40. Rh3 Bc2 41. f5 b5 42. axb5 axb5 43. Rc3 Rh6+ 44. Kg3 Rbh8 45. Rf3 Ke5 46. Rd2 Be4 47. Rf1 Rh3+ 48. Kf2 Rh2+ 49. Ke1 Bxd5 50. e7 Bf7 51. Bxb5 Rb8 52. Bd3 Be8 53. f6 Rxd2 54. Kxd2 Rb2+ 55. Ke3 1-0

[Event "Voronezh-ch Seniors"]
[Site "Voronezh"]
[Date "2011.10.29"]
[Round "5.6"]
[White "Leun, Victor"]
[Black "Safonov, Anatoly"]
[Result "1-0"]
[WhiteElo "1883"]
[BlackElo "2025"]
[PlyCount "67"]
[EventDate "2011.10.25"]
[EventType "swiss"]
[EventRounds "8"]
[EventCountry "RUS"]
[SourceTitle "EXT 2022"]
[Source "ChessBase"]
[SourceDate "2021.10.06"]
[SourceVersion "1"]
[SourceVersionDate "2021.10.06"]
[SourceQuality "1"]

1. e4 e5 2. Nf3 Nc6 3. d4 exd4 4. Nxd4 Bc5 5. Nxc6 bxc6 6. Nc3 Qf6 7. Qd2 Bb4 8. Bd3 d5 9. exd5 cxd5 10. 0-0 Ne7 11. a3 Bxc3 12. bxc3 0-0 13. Rb1 c5 14. c4 Be6 15. Qg5 Qxg5 16. Bxg5 f6 17. cxd5 Bxd5 18. Be3 c4 19. Be2 Nf5 20. Bc5 Rf7 21. Rb5 a6 22. Ra5 Nh4 23. f3 Ng6 24. g3 Rc7 25. Bb4 Bf7 26. f4 Re8 27. Bf3 Rce7 28. f5 Re5 29. fxg6 Bxg6 30. Bd5+ Kh8 31. Bxc4 Bxc2 32. Rxe5 fxe5 33. Rf8+ Rxf8 34. Bxf8 1-0

[Event "Voronezh-ch Seniors"]
[Site "Voronezh"]
[Date "2011.10.26"]
[Round "2.1"]
[White "Safonov, Anatoly"]
[Black "Lukovnikov, Alexander"]
[Result "0-1"]
[WhiteElo "2025"]
[BlackElo "2316"]
[PlyCount "40"]
[EventDate "2011.10.25"]
[EventType "swiss"]
[EventRounds "8"]
[EventCountry "RUS"]
[SourceTitle "EXT 2022"]
[Source "ChessBase"]
[SourceDate "2021.10.06"]
[SourceVersion "1"]
[SourceVersionDate "2021.10.06"]
[SourceQuality "1"]

1. e4 e5 2. Nf3 Nc6 3. Bc4 Nf6 4. Ng5 d5 5. exd5 Nd4 6. c3 b5 7. cxd4 bxc4 8. Qa4+ Nd7 9. Nf3 exd4 10. 0-0 Be7 11. Nxd4 0-0 12. Nc6 Nb6 13. Qb5 Qd6 14. Re1 Bf6 15. Nc3 Bf5 16. b3 Bd3 17. a4 a6 18. Qa5 Rfe8 19. Rxe8+ Rxe8 20. Ba3 Qxa3 0-1

[Event "Voronezh-ch Seniors"]
[Site "Voronezh"]
[Date "2011.10.25"]
[Round "1.8"]
[White "Orekhov, Boris"]
[Black "Safonov, Anatoly"]
[Result "0-1"]
[WhiteElo "1925"]
[BlackElo "2025"]
[PlyCount "68"]
[EventDate "2011.10.25"]
[EventType "swiss"]
[EventRounds "8"]
[EventCountry "RUS"]
[SourceTitle "EXT 2022"]
[Source "ChessBase"]
[SourceDate "2021.10.06"]
[SourceVersion "1"]
[SourceVersionDate "2021.10.06"]
[SourceQuality "1"]

1. d4 Nf6 2. Nf3 e6 3. c4 d5 4. Nc3 Bb4 5. cxd5 exd5 6. Bd2 0-0 7. e3 c5 8. dxc5 Bxc5 9. Bd3 Nc6 10. Rc1 Bg4 11. Be2 Re8 12. 0-0 a6 13. Qb3 d4 14. exd4 Bxf3 15. Bxf3 Nxd4 16. Qd1 Nxf3+ 17. gxf3 Qd3 18. Bf4 Qf5 19. Ne2 b6 20. Rc4 Qe6 21. Rc2 Rad8 22. Qc1 Qd5 23. Kg2 h6 24. Rd2 Qxa2 25. Rxd8 Rxd8 26. Bxh6 gxh6 27. Qxh6 Rd6 28. Kh1 Ng4 29. Qg5+ Rg6 30. Qd8+ Kg7 31. fxg4 Qc4 32. Ng3 Qxg4 33. Qd5 Rg5 34. f3 Qxg3 0-1